000
00271nam a2200133Ia 4500
100
_a
Maruti
650
_a
Electrical Engineering
942
_c
BK
654
_a
Manual
245
_a
Service Manual 800
260
_b
Maruti Udyog Ltd.
546
_a
ENGLISH
999
_c
29420
_d
29420